LEADER 01233nam a22002651i 4500 001 991000846069707536 005 20040219192447.0 008 040220s1975 it a||||||||||||||||ita 035 $ab12679288-39ule_inst 035 $aARCHE-067762$9ExL 040 $aDip.to Scienze pedagogiche$bita$cA.t.i. Arché s.c.r.l. Pandora Sicilia s.r.l. 082 04$a301.435 110 2 $aIstituto nazionale di riposo e cura per anziani. $bCentro servizi sociali$0482256 245 12$aL'anziano e il suo futuro :$bindagine sociologica per un tentativo di riduzione dell'emarginazione anziana /$cIstituto nazionale di riposo e cura per anziani, Centro servizi sociali ; direttore della ricerca S. Burgalassi 260 $aNapoli :$bSocietà editrice napoletana,$c1975 300 $aX, 436 p., [48] c. di tav. :$bill. ;$c21 cm 440 0$aSociologia ;$v2 650 4$aAnziani$xSociologia 700 1 $aBurgalassi, Silvano 907 $a.b12679288$b02-04-14$c17-03-04 912 $a991000846069707536 945 $aLE022 MPs-S 120 D 11$g1$i2022000176538$lle022$o-$pE0.00$q-$rl$s- $t0$u1$v0$w1$x0$y.i13189372$z17-03-04 996 $aAnziano e il suo futuro$9271206 997 $aUNISALENTO 998 $ale022$b17-03-04$cm$da $e-$fita$git $h2$i1 LEADER 01013nam a22002531i 4500 001 991000336539707536 005 20021002132304.0 008 021002s1954 it |||||||||||||||||ita 035 $ab11990946-39ule_inst 035 $aARCHE-008074$9ExL 040 $aDip.to Filologia Ling. e Lett.$bita$cA.t.i. Arché s.c.r.l. Pandora Sicilia s.r.l. 100 1 $aVergilius Maro, Publius$07260 245 10$aVersione dell'Eneide /$cdi Annibal Caro ; a cura di Arturo Pompeati 260 $aTorino :$bUTET,$c1954 300 $a521 p. ;$c23 cm 490 0$aClassici italiani 700 1 $aCaro, Annibale$d<1507-1566>$eauthor$4http://id.loc.gov/vocabulary/relators/aut$0154388 700 1 $aPompeati, Arturo 907 $a.b11990946$b28-04-17$c01-04-03 912 $a991000336539707536 945 $aLE008 TS II B 11/Bis$g1$i2008000375713$lle008$o-$pE0.00$q-$rl$s- $t0$u0$v0$w0$x0$y.i12274434$z01-04-03 996 $aVersione dell'Eneide$91457551 997 $aUNISALENTO 998 $ale008$b01-04-03$cm$da $e-$fita$git $h0$i1